000 00457nmm a2200145Ia 4500
008 251105s9999||||xx |||||||||||||||||und||
041 _aspa
100 _aAlonso de Santos, José Luis
245 0 _aYonquis y yanquis. Salvajes :
_b Dos tragedias cotidianas
264 _a[Madrid, España] :
_bCastalia Ediciones,
_c2012
300 _a216 páginas
650 _aSpanish narrative
856 _uhttps://public.digitaliapublishing.com/a/31010
942 _cCF
999 _c104481
_d104481